| 000 | 00717cab a2200241 4500 | ||
|---|---|---|---|
| 001 | ABS52969 | ||
| 008 | 090401t1995 xxu||||| |||| 00| 0 eng d | ||
| 035 | _a(Sirsi) u1142 | ||
| 041 | _aeng | ||
| 100 | _aMason, P. | ||
| 245 | _aGreen shoots from brown fields | ||
| 260 | _c1995 | ||
| 350 | _a0 | ||
| 490 |
_aHousing _v31(4) May 1995, 32-33(2) |
||
| 520 | _aReviews the role of urban regeneration in housing association development, highlighting the need for new build as well as traditional rehabilitation. | ||
| 650 | _aHOUSING ASSOCIATIONS | ||
| 650 | _aHOUSING CORPORATION | ||
| 650 | _aREHABILITATION | ||
| 650 | _aURBAN REGENERATION | ||
| 690 | _aURBAN RENEWAL | ||
| 942 | _n0 | ||
| 948 | _c04/03/1997 | ||
| 999 |
_c625 _d625 |
||